MARC

LEADER 00000nam0a2200000 4500
001 274659
005 20231101234741.0
035 |a (RuTPU)RU\TPU\book\297869 
090 |a 274659 
100 |a 20141107d1985 km y0rusy50 ca 
101 0 |a rus 
102 |a RU 
105 |a a z 001zy 
200 1 |a Опыт организации и управления строительными фирмами в США  |f Ю. Н. Казанский 
210 |a Москва  |c Стройиздат  |d 1985 
215 |a 269 с.  |c ил. 
320 |a Библиогр.: с. 266-269 
606 1 |a Строительные объединения  |x Управление  |2 stltpush  |3 (RuTPU)RU\TPU\subj\57620  |9 75478 
610 1 |a США 
610 1 |a объем производства 
610 1 |a система контрактов 
610 1 |a ценообразование 
610 1 |a производительность труда 
610 1 |a заработная плата 
610 1 |a оборотные средства 
610 1 |a внутрифирменное планирование 
675 |a 69:658.5.014  |v 3 
700 1 |a Казанский  |b Ю. Н.  |g Юрий Николаевич 
801 1 |a RU  |b 63413507  |c 20141107 
801 2 |a RU  |b 63413507  |c 20170324  |g RCR 
942 |c BK